Insights into business
Αποθηκεύτηκε σε:
| Κύριος συγγραφέας: | |
|---|---|
| Άλλοι συγγραφείς: | , |
| Μορφή: | Βιβλίο |
| Γλώσσα: | English |
| Δημοσίευση: |
Essex :
Addison Wesley Longman,
1997
|
| Σειρά: | Nelson business English
|
| Θέματα: | |
| Ετικέτες: |
Προσθήκη ετικέτας
Δεν υπάρχουν, Καταχωρήστε ετικέτα πρώτοι!
|
MARC
| LEADER | 00000cam a2200000 i 4500 | ||
|---|---|---|---|
| 001 | 1/22831 | ||
| 008 | 060125s1997 eng d | ||
| 020 | |a 0-17-556883-9 | ||
| 035 | |l 10082256 | ||
| 040 | |a GR-MY-UA |b gre |e aacr | ||
| 041 | 0 | |a eng | |
| 082 | 0 | |a 428.202465 | |
| 100 | 1 | |a Lannon, Michael. | |
| 245 | 1 | 0 | |a Insights into business / |c Michael Lannon, Graham Tullis, Tonya Trappe |
| 260 | |a Essex : |b Addison Wesley Longman, |c 1997 | ||
| 300 | |a 160 p.; |b ill.; |c 28 cm. | ||
| 490 | 1 | |a Nelson business English | |
| 650 | 0 | 0 | |a English language |x Business English. |
| 650 | 0 | 0 | |a Business education |z Great Britain. |
| 700 | 1 | |a Tullis, Graham. | |
| 700 | 1 | |a Trappe, Tonya. | |
| 830 | 0 | |a Nelson business English | |
| 852 | |a INST |b CHIOS |e 20060125 |h 428.202465 LAN |p 005200024120 |q 005200024120 |t BK |y 0 | ||
| 901 | |a BIBL2-2005-3 | ||
| 909 | |a Χ |b 120013 | ||
| 970 | |a ΧΑΖΙΡΗ |b ΑΝΝΑ |z 2005/11/13 | ||